=LDR 00000nam 2200000 4500 =001 INLIS000000000035500 =005 20130612141344 =008 ***********************************ind** =035 ##$$0010-061300000035500 =041 ##$$a ind =082 ##$$a 633.88 =090 ##$$a 633.88, Muh t =100 ##$$a Muhlisah, Fauziah =245 ##$$a Temu-temuan dan empon-empon, Budidaya dan manfaatnya/ Oleh Fauziah Muhlisah =260 ##$$a 2007 $b Yogyakarta =300 ##$$a 88 hlm., Ilus., 20 cm =650 ##$$a Tanaman Obat =850 ##$$a NBPNMAT